Wpisz pasującą kartę z gry Clash Royale #1 - Statystyki

Ogólne statystyki
  • Ten quiz został rozwiązany 342 razy
  • Średni wynik to 8 z 10
Statystyki odpowiedzi
Opis Odpowiedź % Poprawnych
Karta, która kosztuje 2 eliksiru Goblins | Spear Goblins | Bomber | Bats | Zap | Giant Snowball | Ice Golem | Wall Breakers | Rage | The Log
97%
Karta, która kosztuje co najmniej 7 elixiru Pekka | Royal Recruits | Mega Knight | Electro Giant | Lava Hound | Golem | Three Musketeers
95%
Karta, która nie ma sztywno określonego kosztu Mirror
88%
Budynek, który może uderzyć wieżę przeciwnika ze swojej połowy areny Mortar | Xbow
87%
Karta, która posiada ewolucję Skeletons | Ice Spirit | Bomber | Bats | Zap | Knight | Archers | Firecracker | Mortar | Tesla | Barbarians | Royal Giant | Royal Recruits | Battle Ram | Valkyrie | Wall Breakers
87%
Karta, która ma właściwości leczące Heal Spirit | Battle Healer
82%
Champion, którego ability kosztuje dokładnie 1 elixir Golden Knight | Mighty Miner | Archer Queen | Monk
77%
Troop lub budynek, który można rzucić w każdym miejscu na arenie (również na połowie przeciwnika) Goblin Drill | Miner
72%
Karta, która została dodana najwcześniej w 2022 roku (nie wliczając Tower Troop) Mighty Miner | Monk | Phoenix | Little Prince
47%
Karta, która jest Tower Troopem Tower Princess | Cannoneer | Dagger Duchess
47%
Nie znaleziono quizów pasujących do podanych kryteriów
Rozkład punktacji
Procent ludzi z każdym wynikiem
Percentyl według liczby udzielonych odpowiedzi
Twoja historia wyników
Nie rozwiązałeś tego quizu